Historia de la economía
Đã lưu trong:
| Tác giả chính: | |
|---|---|
| Định dạng: | Sách |
| Ngôn ngữ: | Tiếng Tây Ban Nha |
| Được phát hành: |
Ciudad de México
Fondo de Cultura Económica
1948
|
| Những chủ đề: | |
| Các nhãn: |
Thêm thẻ
Không có thẻ, Là người đầu tiên thẻ bản ghi này!
|
MARC
| LEADER | 00000nam a2200000 a 4500 | ||
|---|---|---|---|
| 001 | UCR7613 | ||
| 003 | CL-VaPUC | ||
| 008 | 980519e19480000MX |||||||||||||||||spa|d | ||
| 082 | 0 | 4 | |a 330.09 |b FER |2 21 |
| 100 | 0 | |a Ferguson, John M |e author |9 408932 | |
| 245 | 1 | 0 | |a Historia de la economía |
| 300 | |a 286 p | ||
| 942 | |c BK | ||
| 945 | |d 19980519 00:00:00 |a crobeson | ||
| 260 | |a Ciudad de México |b Fondo de Cultura Económica |c 1948 | ||
| 650 | 0 | |a Historia económica |9 307218 | |
| 650 | 0 | |a Economía |9 255568 | |
| 650 | 0 | |a Teoría económica |9 315055 | |
| 583 | |a last modification |c 19980519 00:00:00 |k Rodrigo Vera | ||
| 999 | |c 269204 |d 269202 | ||
| 952 | |0 0 |1 0 |4 0 |6 330_090000000000000_FER_1948 |7 0 |8 A |9 302887 |a BIBENE |b BIBENE |d 2019-11-20 |i 1995707 |o 330.09 FER 1948 |p 1995707 |r 2025-01-15 |w 2019-11-20 |y BK |k ICO | ||